00520nam a22001697a 4500003000400000008004100004020001800045082001200063100001500075245013900090250002000229260003300249300001100282650002200293700001700315700001800332OSt231009b |||||||| |||| 00| 0 eng d a9789387034471 a170 GAF aGAUR, R.R. aFoundation Course in Human Values and Professional Ethics: Presenting a Universal Approach to Value Education-through Self-exploration a2nd Revised ed. aNew DelhibExcel Booksc2019 a348 p. aPolitical Science aASTHANA, R.  aBAGARIA, G.P.